| 000 | 00323nam a22001217a 4500 | ||
|---|---|---|---|
| 082 |
_a004 _bPAT _c L-02, p193 |
||
| 245 | _aPATHWORKS for DOS overview | ||
| 260 |
_aUSA _bDigital Press. _c1990 |
||
| 300 |
_aVarious pagings _b ill; : _c24 |
||
| 526 |
_a0 _b0 _c0 _d004_000000000000000_PAT |
||
| 650 |
_aMCE _9379 |
||
| 942 |
_2ddc _cBK |
||
| 999 |
_c541557 _d541557 |
||